LIBRARY & INFORMATION CENTRE, KCAET, TAVANUR

ONLINE PUBLIC ACCESS CATALOGUE (OPAC)

Agricultural water management / (Record no. 13094)

MARC details
000 -LEADER
fixed length control field 00361cam a2200145ua 4500
003 - CONTROL NUMBER IDENTIFIER
control field OSt
008 - FIXED-LENGTH DATA ELEMENTS--GENERAL INFORMATION
fixed length control field 250813b |||||||| |||| 00| 0 eng d
041 ## - LANGUAGE CODE
Language code of text/sound track or separate title eng
082 ## - DEWEY DECIMAL CLASSIFICATION NUMBER
Classification number 627.02
Item number SHA/AG
100 ## - MAIN ENTRY--AUTHOR NAME
Personal name Sharma, Premjith .
245 00 - TITLE STATEMENT
Title Agricultural water management /
260 ## - PUBLICATION, DISTRIBUTION, ETC. (IMPRINT)
Place of publication New Delhi :
Name of publisher Gene tech Books ,
Year of publication 2007.
300 ## - PHYSICAL DESCRIPTION
Number of Pages 302 ;
Accompanying material `.
942 ## - ADDED ENTRY ELEMENTS (KOHA)
Koha item type Books
Holdings
Withdrawn status Lost status Damaged status Home library Current library Date acquired Full call number Accession Number Koha item type
      KAUAET KAUAET 07/04/2012 627.02 SHA/AG 21581 Books
free website counter